[Event "Bad Wiessee Senioren Cup 8th"]
[Site "Bad Wiessee"]
[Date "2019.05.19"]
[Round "9"]
[White "Klein, Klaus"]
[Black "Siewert, Wolfgang"]
[Result "1/2-1/2"]
[WhiteElo "1936"]
[BlackElo "1807"]
[PlyCount "32"]
[EventDate "2019.05.11"]
[EventType "swiss"]
[EventRounds "9"]
[EventCountry "GER"]
[SourceTitle "EXT 2020"]
[Source "ChessBase"]
[SourceDate "2019.10.17"]
[SourceVersion "1"]
[SourceVersionDate "2019.10.17"]
[SourceQuality "1"]

1. e4 c5 2. Nf3 e6 3. d4 cxd4 4. Nxd4 a6 5. Bd3 Nf6 6. 0-0 Qc7 7. c4 d6 8. Nc3 Be7 9. Be3 0-0 10. Rc1 Nc6 11. Nxc6 bxc6 12. b3 c5 13. Bf4 Bb7 14. Re1 Rad8 15. Qe2 Qc6 16. f3 Nh5 1/2-1/2

[Event "Bodensee op Seniors 4th"]
[Site "Bregenz"]
[Date "2018.05.07"]
[Round "2"]
[White "Klein, Klaus"]
[Black "Chan, Peng Kong"]
[Result "1/2-1/2"]
[WhiteElo "1965"]
[BlackElo "2164"]
[PlyCount "67"]
[EventDate "2018.05.06"]
[EventType "swiss"]
[EventRounds "7"]
[EventCountry "AUT"]
[SourceTitle "CBM 184 Extra"]
[Source "ChessBase"]
[SourceDate "2018.06.28"]
[SourceVersion "1"]
[SourceVersionDate "2018.06.28"]
[SourceQuality "1"]

1. e4 c5 2. Nf3 e6 3. d4 cxd4 4. Nxd4 a6 5. Bd3 Nf6 6. 0-0 d6 7. Qe2 Qc7 8. c4 Nbd7 9. Nc3 g6 10. Be3 Bg7 11. Rac1 0-0 12. h3 b6 13. Nf3 Bb7 14. b3 Rac8 15. Bb1 Rfe8 16. Rfd1 Qb8 17. Bf4 e5 18. Be3 Nc5 19. Bxc5 dxc5 20. Nd5 Bxd5 21. cxd5 b5 22. Bd3 Nxd5 23. exd5 e4 24. Bb1 exf3 25. Qxf3 Qd6 26. Re1 Bd4 27. g4 Rcd8 28. Rxe8+ Rxe8 29. Kg2 Re5 30. Be4 Qe7 31. Bd3 Qd6 32. Be4 Kg7 33. Rc2 Qe7 34. Re2 1/2-1/2

[Event "Bodensee op Seniors"]
[Site "Bregenz"]
[Date "2017.05.24"]
[Round "5"]
[White "Pastor Alonso de Prado, Emilio Alberto"]
[Black "Klein, Klaus"]
[Result "1-0"]
[WhiteElo "2122"]
[BlackElo "2013"]
[PlyCount "91"]
[EventDate "2017.05.20"]
[EventType "swiss"]
[EventRounds "9"]
[EventCountry "AUT"]
[SourceTitle "CBM 178 Extra"]
[Source "ChessBase"]
[SourceDate "2017.06.22"]
[SourceVersion "1"]
[SourceVersionDate "2017.06.22"]
[SourceQuality "1"]

1. e4 c6 2. d4 d5 3. e5 Bf5 4. a3 e6 5. c4 Nd7 6. Nc3 Ne7 7. c5 b5 8. b4 f6 9. f4 fxe5 10. fxe5 Ng6 11. Nf3 Be7 12. Be2 0-0 13. 0-0 Nh4 14. a4 Nxf3+ 15. Rxf3 a6 16. Be3 Bg5 17. Qd2 Bxe3+ 18. Qxe3 Bg6 19. Rxf8+ Nxf8 20. g3 Qb8 21. Qc1 Qb7 22. Qa3 Rb8 23. axb5 axb5 24. Bg4 Be8 25. Ne2 g5 26. Qf3 Qf7 27. Qxf7+ Bxf7 28. Ra6 Be8 29. Nc1 h5 30. Be2 g4 31. Bd3 Kf7 32. Ra7+ Bd7 33. Nb3 Ke7 34. Na5 Kd8 35. Kf2 Rc8 36. Ke3 Rc7 37. Rxc7 Kxc7 38. Kf4 Be8 39. Kg5 Kd8 40. Kf6 Kd7 41. Nb7 Kc7 42. Ke7 Bg6 43. Kxf8 Bxd3 44. Nd6 Kd7 45. Kf7 Bf1 46. Ne8 1-0

[Event "Bodensee op Seniors"]
[Site "Bregenz"]
[Date "2016.05.04"]
[Round "5"]
[White "Priedite, Ingrida"]
[Black "Klein, Klaus"]
[Result "1-0"]
[WhiteElo "2087"]
[BlackElo "1993"]
[PlyCount "79"]
[EventDate "2016.04.30"]
[EventType "swiss"]
[EventRounds "9"]
[EventCountry "AUT"]
[SourceTitle "CBM 172 Extra"]
[Source "ChessBase"]
[SourceDate "2016.06.21"]
[SourceVersion "1"]
[SourceVersionDate "2016.06.21"]
[SourceQuality "1"]

1. Nf3 d5 2. g3 c6 3. Bg2 Nf6 4. c4 Bg4 5. 0-0 Nbd7 6. b3 dxc4 7. bxc4 Bxf3 8. Bxf3 Ne5 9. Qb3 Nxf3+ 10. Qxf3 Qd4 11. Qc3 Qxc3 12. Nxc3 e6 13. Rb1 0-0-0 14. d3 Bc5 15. Na4 Nd7 16. Nxc5 Nxc5 17. Be3 b6 18. Bxc5 bxc5 19. Rb3 Kc7 20. Ra3 Ra8 21. Rb1 Rhb8 22. Rxb8 Kxb8 23. Ra5 Kc7 24. Rxc5 Rb8 25. Ra5 Rb1+ 26. Kg2 Kb6 27. Ra3 c5 28. Kf3 f6 29. e3 Rb4 30. Ke4 a5 31. f4 a4 32. f5 exf5+ 33. Kd5 h5 34. d4 cxd4 35. exd4 g5 36. c5+ Kc7 37. Re3 f4 38. gxf4 g4 39. Re7+ Kd8 40. Rh7 1-0

[Event "Bodensee op Seniors"]
[Site "Bregenz"]
[Date "2016.05.02"]
[Round "3"]
[White "Heinritz, Dietmar"]
[Black "Klein, Klaus"]
[Result "1/2-1/2"]
[WhiteElo "1845"]
[BlackElo "1993"]
[PlyCount "88"]
[EventDate "2016.04.30"]
[EventType "swiss"]
[EventRounds "9"]
[EventCountry "AUT"]
[SourceTitle "CBM 172 Extra"]
[Source "ChessBase"]
[SourceDate "2016.06.21"]
[SourceVersion "1"]
[SourceVersionDate "2016.06.21"]
[SourceQuality "1"]

1. d4 d5 2. c4 c6 3. Nc3 Nf6 4. Nf3 e6 5. e3 Nbd7 6. Bd3 Bd6 7. e4 dxe4 8. Nxe4 Nxe4 9. Bxe4 Bb4+ 10. Bd2 Qa5 11. 0-0 Bxd2 12. Nxd2 0-0 13. Qc2 Nf6 14. Rfd1 Rd8 15. Nf3 Qc7 16. g3 b6 17. c5 Bb7 18. b4 Nxe4 19. Qxe4 h6 20. Ne5 b5 21. Rd3 a5 22. Qe1 axb4 23. Qxb4 Ra4 24. Qd2 Qa5 25. Qxa5 Rxa5 26. f4 Ra4 27. Nf3 Rda8 28. Rd2 f6 29. Kf2 Kf7 30. Re2 b4 31. Rb2 Ba6 32. Nd2 Bb5 33. Ne4 Bd3 34. Ke3 Bxe4 35. Kxe4 f5+ 36. Kd3 b3 37. Rxb3 Rd8 38. Rb6 Raxd4+ 39. Kc3 Rd3+ 40. Kb2 Rd2+ 41. Ka3 Rc8 42. Kb4 Rb2+ 43. Kc4 Rc2+ 44. Kb4 Rb2+ 1/2-1/2

[Event "Bad Woerishofen Seniors op 32nd"]
[Site "Bad Woerishofen"]
[Date "2016.03.05"]
[Round "9"]
[White "Klein, Klaus"]
[Black "Kelchner, Hans"]
[Result "0-1"]
[WhiteElo "1949"]
[BlackElo "2157"]
[PlyCount "140"]
[EventDate "2016.02.26"]
[EventType "swiss"]
[EventRounds "9"]
[EventCountry "GER"]
[SourceTitle "EXT 2019"]
[Source "ChessBase"]
[SourceDate "2018.10.10"]
[SourceVersion "1"]
[SourceVersionDate "2018.10.10"]
[SourceQuality "1"]

1. e4 c6 2. d4 d5 3. Nc3 dxe4 4. Nxe4 Nf6 5. Nxf6+ gxf6 6. c3 Bf5 7. Bd3 Bg6 8. Bxg6 hxg6 9. f4 e6 10. Nf3 Nd7 11. Be3 Nb6 12. 0-0 Bd6 13. Qe2 Nd5 14. g3 0-0 15. c4 Ne7 16. b3 Qa5 17. c5 Bb8 18. Bd2 Qd8 19. Bc3 Qd5 20. Nd2 Kg7 21. Qf3 Bc7 22. Qxd5 Nxd5 23. Bb2 Rad8 24. Nf3 Rd7 25. Rf2 a5 26. Rc2 Bd8 27. a3 Bc7 28. Re1 f5 29. Nd2 Ra8 30. Nc4 a4 31. b4 Bd8 32. Ne3 Bf6 33. Nxd5 Rxd5 34. Rd2 Rad8 35. Red1 g5 36. Kf2 Kg6 37. Bc3 Rh8 38. Kg2 Bg7 39. Rh1 Rhd8 40. Rhd1 f6 41. Kf3 e5 42. dxe5 Rxd2 43. Rxd2 Rxd2 44. Bxd2 fxe5 45. fxe5 Bxe5 46. Bc1 g4+ 47. Ke3 Kf6 48. Kd3 Ba1 49. Kc4 Ke5 50. b5 Bd4 51. bxc6 bxc6 52. Kb4 Kd5 53. Kxa4 Bxc5 54. Kb3 Bg1 55. a4 Bxh2 56. Bf4 Bg1 57. Kc3 Bd4+ 58. Kd3 c5 59. a5 c4+ 60. Kd2 Kc6 61. Ke2 Bc3 62. Ke3 Bxa5 63. Kd4 c3 64. Bc1 Bc7 65. Kxc3 Bxg3 66. Kd4 Kd6 67. Bg5 Ke6 68. Bh6 Bf2+ 69. Kd3 Ke5 70. Ke2 Bc5 0-1

[Event "Bad Woerishofen Seniors op 32nd"]
[Site "Bad Woerishofen"]
[Date "2016.03.03"]
[Round "7"]
[White "Klein, Klaus"]
[Black "Heppell, Ian"]
[Result "1/2-1/2"]
[WhiteElo "1949"]
[BlackElo "2077"]
[PlyCount "86"]
[EventDate "2016.02.26"]
[EventType "swiss"]
[EventRounds "9"]
[EventCountry "GER"]
[SourceTitle "EXT 2019"]
[Source "ChessBase"]
[SourceDate "2018.10.10"]
[SourceVersion "1"]
[SourceVersionDate "2018.10.10"]
[SourceQuality "1"]

1. e4 e5 2. Nf3 d6 3. d4 exd4 4. Nxd4 Nf6 5. Nc3 Be7 6. Bc4 0-0 7. 0-0 a6 8. a4 Nc6 9. Re1 Nb4 10. Nd5 Nbxd5 11. exd5 Re8 12. h3 Bd7 13. Qf3 Qc8 14. b3 c5 15. dxc6 bxc6 16. Bd3 d5 17. Bg5 Bb4 18. Rxe8+ Nxe8 19. Nf5 Qc7 20. Bf4 Qd8 21. Be5 f6 22. Bb2 Nd6 23. Nxd6 Bxd6 24. Qh5 f5 25. Bxf5 Bxf5 26. Qxf5 Qe7 27. Qd3 Re8 28. Bc3 Qf7 29. Re1 Rf8 30. Qe3 Kh8 31. Bd4 Qf5 32. Be5 Bxe5 33. Qxe5 Qxf2+ 34. Kh2 Qxc2 35. Rf1 Qc5 36. Rxf8+ Qxf8 37. Qc7 c5 38. Qb7 d4 39. Qxa6 h6 40. Qe2 Qb8+ 41. Kg1 Qxb3 42. Qe8+ Kh7 43. Qe4+ Kh8 1/2-1/2

[Event "Bad Woerishofen Seniors op 32nd"]
[Site "Bad Woerishofen"]
[Date "2016.03.02"]
[Round "6"]
[White "Sand, Rolf"]
[Black "Klein, Klaus"]
[Result "1/2-1/2"]
[WhiteElo "2032"]
[BlackElo "1949"]
[PlyCount "57"]
[EventDate "2016.02.26"]
[EventType "swiss"]
[EventRounds "9"]
[EventCountry "GER"]
[SourceTitle "EXT 2019"]
[Source "ChessBase"]
[SourceDate "2018.10.10"]
[SourceVersion "1"]
[SourceVersionDate "2018.10.10"]
[SourceQuality "1"]

1. c4 c6 2. Nf3 d5 3. g3 Nf6 4. Bg2 Bg4 5. Ne5 Be6 6. cxd5 Bxd5 7. Nf3 c5 8. 0-0 e6 9. Nc3 Bc6 10. b3 Be7 11. Bb2 0-0 12. Rc1 Nbd7 13. d3 Rc8 14. e4 Qc7 15. Qe2 Rfd8 16. Rfd1 e5 17. Nd5 Nxd5 18. exd5 Bxd5 19. d4 Qa5 20. dxe5 Be6 21. Bc3 Qb6 22. Nd2 Nb8 23. Nc4 Rxd1+ 24. Rxd1 Qa6 25. Kf1 b6 26. Nd6 Rd8 27. Ke1 Qxe2+ 28. Kxe2 Na6 29. Nc4 1/2-1/2

[Event "Bad Woerishofen Seniors op 32nd"]
[Site "Bad Woerishofen"]
[Date "2016.02.28"]
[Round "3"]
[White "Klein, Klaus"]
[Black "Maes, Valeer"]
[Result "1/2-1/2"]
[WhiteElo "1949"]
[BlackElo "2110"]
[PlyCount "37"]
[EventDate "2016.02.26"]
[EventType "swiss"]
[EventRounds "9"]
[EventCountry "GER"]
[SourceTitle "EXT 2019"]
[Source "ChessBase"]
[SourceDate "2018.10.10"]
[SourceVersion "1"]
[SourceVersionDate "2018.10.10"]
[SourceQuality "1"]

1. e4 e6 2. d4 d5 3. Nc3 Nc6 4. Nf3 Nf6 5. Bg5 Be7 6. e5 Ne4 7. Bxe7 Qxe7 8. a3 Bd7 9. Bd3 Ng5 10. Be2 Nxf3+ 11. Bxf3 0-0 12. 0-0 f6 13. exf6 Qxf6 14. Ne2 Ne7 15. c3 Ng6 16. Ng3 Bb5 17. Be2 Bxe2 18. Qxe2 e5 19. dxe5 1/2-1/2

[Event "Bad Woerishofen Seniors op 32nd"]
[Site "Bad Woerishofen"]
[Date "2016.02.27"]
[Round "2"]
[White "Lange, Manfred"]
[Black "Klein, Klaus"]
[Result "1/2-1/2"]
[WhiteElo "2098"]
[BlackElo "1949"]
[PlyCount "72"]
[EventDate "2016.02.26"]
[EventType "swiss"]
[EventRounds "9"]
[EventCountry "GER"]
[SourceTitle "EXT 2019"]
[Source "ChessBase"]
[SourceDate "2018.10.10"]
[SourceVersion "1"]
[SourceVersionDate "2018.10.10"]
[SourceQuality "1"]

1. e4 c6 2. d4 d5 3. Nc3 dxe4 4. Nxe4 Bf5 5. Ng3 Bg6 6. Nf3 Nd7 7. h4 h6 8. h5 Bh7 9. Bd3 Bxd3 10. Qxd3 e6 11. Bd2 Qc7 12. 0-0-0 Ngf6 13. c4 Bd6 14. Ne4 Bf4 15. Rh4 Bxd2+ 16. Rxd2 Nxe4 17. Qxe4 Nf6 18. Qe5 Qxe5 19. dxe5 Nd7 20. Rg4 Rg8 21. Rgd4 0-0-0 22. Kc2 Nb6 23. b3 Rxd4 24. Rxd4 c5 25. Rf4 Rf8 26. Nd2 Nd7 27. Re4 Kd8 28. Rg4 Rg8 29. f4 Ke7 30. Rg3 f5 31. exf6+ Nxf6 32. Re3 Kf7 33. Ne4 Nxe4 34. Rxe4 g5 35. fxg5 Rxg5 36. g4 e5 1/2-1/2

[Event "Rheinland Pfalz op Seniors 13th"]
[Site "Neustadt an der Weinstrasse"]
[Date "2015.07.14"]
[Round "5"]
[White "Ortinau, Helmut"]
[Black "Klein, Klaus"]
[Result "1-0"]
[WhiteElo "2162"]
[BlackElo "1972"]
[PlyCount "129"]
[EventDate "2015.07.10"]
[EventType "swiss"]
[EventRounds "7"]
[EventCountry "GER"]
[SourceTitle "EXT 2019"]
[Source "ChessBase"]
[SourceDate "2018.10.10"]
[SourceVersion "1"]
[SourceVersionDate "2018.10.10"]
[SourceQuality "1"]

1. c4 c6 2. Nf3 d5 3. d4 Nf6 4. Nc3 e6 5. Bg5 h6 6. Bxf6 Qxf6 7. e3 Nd7 8. Qb3 dxc4 9. Bxc4 Qd8 10. 0-0 Nb6 11. Bd3 Nd5 12. Rfd1 Qb6 13. Nxd5 exd5 14. Qc2 Bd6 15. Nh4 0-0 16. Bh7+ Kh8 17. Bf5 Qd8 18. g3 Qf6 19. Rab1 Re8 20. b4 g6 21. Bxc8 Rexc8 22. Qb3 Qe7 23. b5 Kg7 24. Rdc1 Qd7 25. bxc6 bxc6 26. Qb7 Qc7 27. Nf3 Rab8 28. Qxc7 Bxc7 29. Rxb8 Bxb8 30. Ne1 Bd6 31. Nd3 Kf6 32. f3 Ke7 33. e4 Kd7 34. Nc5+ Bxc5 35. Rxc5 dxe4 36. fxe4 Rb8 37. Ra5 Rb7 38. Kf2 Kc7 39. Ke3 Kb8 40. Ra3 Rb5 41. Rb3 Kc7 42. Rxb5 cxb5 43. e5 Kc6 44. Ke4 a5 45. d5+ Kc5 46. d6 Kc6 47. Kd4 h5 48. h4 f6 49. exf6 Kxd6 50. f7 Ke7 51. Kc5 Kxf7 52. Kxb5 Kf6 53. Kxa5 Kf5 54. Kb5 Kg4 55. a4 Kxg3 56. a5 Kxh4 57. a6 Kg3 58. a7 h4 59. a8Q h3 60. Qa3+ Kg2 61. Qb2+ Kg1 62. Qb1+ Kg2 63. Qxg6+ Kh1 64. Qe4+ Kg1 65. Qg4+ 1-0

[Event "Rheinland Pfalz op Seniors 13th"]
[Site "Neustadt an der Weinstrasse"]
[Date "2015.07.13"]
[Round "4"]
[White "Klein, Klaus"]
[Black "Etzold, Ernst Walter"]
[Result "1-0"]
[WhiteElo "1972"]
[BlackElo "2138"]
[PlyCount "47"]
[EventDate "2015.07.10"]
[EventType "swiss"]
[EventRounds "7"]
[EventCountry "GER"]
[SourceTitle "EXT 2019"]
[Source "ChessBase"]
[SourceDate "2018.10.10"]
[SourceVersion "1"]
[SourceVersionDate "2018.10.10"]
[SourceQuality "1"]

1. e4 d6 2. d4 Nf6 3. Nc3 c6 4. f3 g6 5. Be3 Bg7 6. Qd2 0-0 7. g4 Qc7 8. h4 h5 9. gxh5 Nxh5 10. Nge2 e5 11. 0-0-0 b5 12. dxe5 dxe5 13. Bh3 Bxh3 14. Rxh3 Na6 15. Ng3 Nf4 16. Rhh1 b4 17. Na4 c5 18. b3 c4 19. Kb1 Rfd8 20. Qh2 Rac8 21. Nb2 cxb3 22. cxb3 Qc3 23. Qf2 Bf6 24. Rc1 1-0

[Event "Rheinland Pfalz op Seniors 13th"]
[Site "Neustadt an der Weinstrasse"]
[Date "2015.07.11"]
[Round "2"]
[White "Klein, Klaus"]
[Black "Siegler, Wolfgang"]
[Result "1/2-1/2"]
[WhiteElo "1972"]
[BlackElo "2038"]
[PlyCount "41"]
[EventDate "2015.07.10"]
[EventType "swiss"]
[EventRounds "7"]
[EventCountry "GER"]
[SourceTitle "EXT 2019"]
[Source "ChessBase"]
[SourceDate "2018.10.10"]
[SourceVersion "1"]
[SourceVersionDate "2018.10.10"]
[SourceQuality "1"]

1. e4 c5 2. Nf3 d6 3. d4 cxd4 4. Qxd4 a6 5. Be3 Nf6 6. Nc3 e6 7. Qb6 Qxb6 8. Bxb6 Nbd7 9. Bd4 b5 10. a3 Bb7 11. Bd3 Be7 12. 0-0 0-0 13. h3 Nc5 14. Rfe1 Nxd3 15. cxd3 Nd7 16. b4 Rac8 17. Rac1 Bf6 18. Bxf6 Nxf6 19. Ne2 Nd7 20. Rxc8 Rxc8 21. Rc1 1/2-1/2

[Event "Rheinland Pfalz op Seniors 13th"]
[Site "Neustadt an der Weinstrasse"]
[Date "2015.07.10"]
[Round "1"]
[White "Koellmer, Hans Peter"]
[Black "Klein, Klaus"]
[Result "0-1"]
[WhiteElo "1612"]
[BlackElo "1972"]
[PlyCount "54"]
[EventDate "2015.07.10"]
[EventType "swiss"]
[EventRounds "7"]
[EventCountry "GER"]
[SourceTitle "EXT 2019"]
[Source "ChessBase"]
[SourceDate "2018.10.10"]
[SourceVersion "1"]
[SourceVersionDate "2018.10.10"]
[SourceQuality "1"]

1. d4 d5 2. Bf4 Nf6 3. Nf3 c6 4. Nbd2 Nh5 5. Bg5 Bf5 6. e3 h6 7. Bh4 Nd7 8. Ne5 Nhf6 9. Nd3 Qb6 10. b3 e6 11. Bg3 c5 12. dxc5 Nxc5 13. Ne5 Nce4 14. Nxe4 Nxe4 15. Bd3 Bb4+ 16. Kf1 Nxg3+ 17. hxg3 Bc3 18. Nxf7 Kxf7 19. Bxf5 Bxa1 20. Qh5+ Ke7 21. Bd3 Raf8 22. Ke2 Bf6 23. c4 dxc4 24. Bxc4 Rd8 25. Qg4 Qd6 26. Kf3 b5 27. Be2 Qc6+ 0-1

[Event "GER-chB Seniors 26th"]
[Site "Bad Neuenahr"]
[Date "2014.08.13"]
[Round "9"]
[White "Klein, Klaus"]
[Black "Jacob, Barbara"]
[Result "1-0"]
[WhiteElo "1991"]
[BlackElo "1815"]
[PlyCount "47"]
[EventDate "2014.08.05"]
[EventType "swiss"]
[EventRounds "9"]
[EventCountry "GER"]
[SourceTitle "EXT 2018"]
[Source "ChessBase"]
[SourceDate "2017.10.13"]
[SourceVersion "1"]
[SourceVersionDate "2017.10.13"]
[SourceQuality "1"]

1. e4 d5 2. exd5 Qxd5 3. Nc3 Qd8 4. d4 Nf6 5. Nf3 Bg4 6. h3 Bxf3 7. Qxf3 c6 8. Be3 e6 9. a3 Nbd7 10. Bc4 Nb6 11. Bb3 Nfd5 12. Nxd5 Nxd5 13. Bd2 Be7 14. c4 Nb6 15. Bc3 Bf6 16. Rd1 0-0 17. 0-0 Qd7 18. Rfe1 a5 19. d5 Bxc3 20. dxe6 fxe6 21. Qxc3 Qf7 22. Qe3 Nd7 23. c5 Kh8 24. Bxe6 1-0

[Event "GER-chB Seniors 26th"]
[Site "Bad Neuenahr"]
[Date "2014.08.12"]
[Round "8"]
[White "Buecken, Rudolf"]
[Black "Klein, Klaus"]
[Result "1/2-1/2"]
[WhiteElo "1963"]
[BlackElo "1991"]
[PlyCount "37"]
[EventDate "2014.08.05"]
[EventType "swiss"]
[EventRounds "9"]
[EventCountry "GER"]
[SourceTitle "EXT 2018"]
[Source "ChessBase"]
[SourceDate "2017.10.13"]
[SourceVersion "1"]
[SourceVersionDate "2017.10.13"]
[SourceQuality "1"]

1. e4 c6 2. d4 d5 3. exd5 cxd5 4. c4 Nf6 5. Nc3 e6 6. c5 Nc6 7. Nf3 Be7 8. a3 a5 9. Bd2 0-0 10. Na4 Nd7 11. b4 e5 12. dxe5 axb4 13. axb4 Ndxe5 14. Nxe5 Nxe5 15. Be2 Bf5 16. Bc3 Bf6 17. 0-0 Nc6 18. Qd2 Re8 19. Bf3 1/2-1/2

[Event "GER-chB Seniors 26th"]
[Site "Bad Neuenahr"]
[Date "2014.08.09"]
[Round "5"]
[White "Klein, Klaus"]
[Black "Babichev, Vyacheslav"]
[Result "1/2-1/2"]
[WhiteElo "1991"]
[BlackElo "1786"]
[PlyCount "120"]
[EventDate "2014.08.05"]
[EventType "swiss"]
[EventRounds "9"]
[EventCountry "GER"]
[SourceTitle "EXT 2018"]
[Source "ChessBase"]
[SourceDate "2017.10.13"]
[SourceVersion "1"]
[SourceVersionDate "2017.10.13"]
[SourceQuality "1"]

1. e4 e6 2. d4 b6 3. Nf3 Bb7 4. Bd3 c5 5. Qe2 cxd4 6. Nxd4 Nc6 7. Nxc6 Bxc6 8. 0-0 g6 9. c3 Bg7 10. Bf4 e5 11. Be3 Nf6 12. f3 Nh5 13. g3 0-0 14. Na3 Qe7 15. Nc2 Bb7 16. Nb4 Nf6 17. Bc4 d6 18. Rad1 Rfd8 19. Nd5 Nxd5 20. Bxd5 Rab8 21. Qd2 Bxd5 22. Qxd5 h6 23. Rd2 Kh7 24. Qb5 Qb7 25. Rd5 Bf8 26. Rfd1 Rdc8 27. f4 a6 28. Qd3 f6 29. fxe5 fxe5 30. Qd2 Rc6 31. Rf1 Qg7 32. Qf2 Be7 33. Qf7 Rf8 34. Qxg7+ Kxg7 35. Rxf8 Bxf8 36. Kf2 b5 37. Ke2 g5 38. g4 Kg6 39. Rd1 Rc4 40. Kd3 Be7 41. h3 Rc8 42. Ke2 Rh8 43. Kf3 h5 44. Kg3 hxg4 45. hxg4 Rc8 46. Bb6 Rc4 47. Kf3 b4 48. Ba5 bxc3 49. Bxc3 Kf6 50. a3 Ke6 51. Rh1 Rc8 52. Rh6+ Kd7 53. Bd2 Rf8+ 54. Kg2 Rc8 55. Kf3 Rg8 56. Ke2 Rg7 57. Rh8 Kc6 58. Ra8 Kb7 59. Rh8 Kc6 60. Rc8+ Kb7 1/2-1/2

[Event "Rheinland Pfalz op Seniors 12th"]
[Site "Neustadt an der Weinstrasse"]
[Date "2014.07.14"]
[Round "2"]
[White "Boeven, Manfred"]
[Black "Klein, Klaus"]
[Result "1-0"]
[WhiteElo "2173"]
[BlackElo "1991"]
[PlyCount "71"]
[EventDate "2014.07.12"]
[EventType "swiss"]
[EventRounds "7"]
[EventCountry "GER"]
[SourceTitle "EXT 2019"]
[Source "ChessBase"]
[SourceDate "2018.10.10"]
[SourceVersion "1"]
[SourceVersionDate "2018.10.10"]
[SourceQuality "1"]

1. d4 d5 2. Nc3 c6 3. Bg5 Bf5 4. e3 Nd7 5. Bd3 Bxd3 6. Qxd3 Ngf6 7. f4 e6 8. Nf3 Be7 9. 0-0 Ng8 10. e4 dxe4 11. Nxe4 Ngf6 12. Rae1 0-0 13. Ng3 h6 14. Bxf6 Bxf6 15. Ne5 Nxe5 16. fxe5 Bh4 17. Re4 Bxg3 18. Qxg3 f5 19. exf6 Rxf6 20. Rfe1 Qd7 21. h4 Re8 22. Qg4 Qf7 23. c4 Rf8 24. b3 Rf1+ 25. Rxf1 Qxf1+ 26. Kh2 Qf5 27. Qxf5 exf5 28. Re7 Rf7 29. Re8+ Rf8 30. Rxf8+ Kxf8 31. h5 b5 32. Kg3 bxc4 33. bxc4 Ke7 34. Kf4 Ke6 35. d5+ cxd5 36. cxd5+ 1-0

[Event "Bayern-ch op Seniors 26th"]
[Site "Bergen"]
[Date "2014.06.27"]
[Round "7"]
[White "Klimpel, Siegfried"]
[Black "Klein, Klaus"]
[Result "1/2-1/2"]
[WhiteElo "1662"]
[BlackElo "1809"]
[PlyCount "32"]
[EventDate "2014.06.21"]
[EventType "swiss"]
[EventRounds "7"]
[EventCountry "GER"]
[SourceTitle "EXT 2018"]
[Source "ChessBase"]
[SourceDate "2017.10.13"]
[SourceVersion "1"]
[SourceVersionDate "2017.10.13"]
[SourceQuality "1"]

1. d4 d5 2. Nc3 Nf6 3. Bg5 Bf5 4. f3 Nbd7 5. Qd2 h6 6. Bh4 c6 7. 0-0-0 Qa5 8. e4 Bg6 9. e5 Nh7 10. Nh3 e6 11. Nf4 Bb4 12. Nxg6 fxg6 13. Bd3 Nhf8 14. a3 Bxc3 15. Qxc3 Qxc3 16. bxc3 g5 1/2-1/2

[Event "Bayern-ch op Seniors 26th"]
[Site "Bergen"]
[Date "2014.06.22"]
[Round "3"]
[White "Mehlhorn, Dieter"]
[Black "Klein, Klaus"]
[Result "1/2-1/2"]
[WhiteElo "1656"]
[BlackElo "1809"]
[PlyCount "29"]
[EventDate "2014.06.21"]
[EventType "swiss"]
[EventRounds "7"]
[EventCountry "GER"]
[SourceTitle "EXT 2018"]
[Source "ChessBase"]
[SourceDate "2017.10.13"]
[SourceVersion "1"]
[SourceVersionDate "2017.10.13"]
[SourceQuality "1"]

1. d4 d5 2. Nf3 Nf6 3. c3 c6 4. e3 Bg4 5. Nbd2 Nbd7 6. Qc2 Qc7 7. Be2 e5 8. dxe5 Nxe5 9. Nxe5 Qxe5 10. Bxg4 Nxg4 11. Nf3 Qc7 12. Qf5 Nf6 13. Qe5+ Qxe5 14. Nxe5 Bd6 15. Nf3 1/2-1/2

[Event "Bayern-ch Seniors 25th"]
[Site "Bergen"]
[Date "2013.06.22"]
[Round "9.13"]
[White "Schuster, Herbert"]
[Black "Klein, Klaus"]
[Result "1-0"]
[WhiteElo "1646"]
[BlackElo "1809"]
[PlyCount "97"]
[EventDate "2013.06.15"]
[EventType "swiss"]
[EventRounds "9"]
[EventCountry "GER"]
[SourceTitle "EXT 2022"]
[Source "ChessBase"]
[SourceDate "2021.10.06"]
[SourceVersion "1"]
[SourceVersionDate "2021.10.06"]
[SourceQuality "1"]

1. d4 d5 2. c4 c6 3. e3 Nf6 4. Nc3 e6 5. Nf3 Nbd7 6. Bd2 Bd6 7. c5 Bc7 8. h3 e5 9. Be2 e4 10. Nh2 Bxh2 11. Rxh2 b6 12. b4 bxc5 13. bxc5 Rb8 14. Qa4 Qc7 15. Rh1 0-0 16. a3 Re8 17. Na2 Nf8 18. Nb4 Bd7 19. Na6 Qb7 20. Nxb8 Qb2 21. Rd1 Rxb8 22. Bb4 Ng6 23. g3 h5 24. Rd2 Qb1+ 25. Qd1 Qxd1+ 26. Rxd1 h4 27. g4 Nh7 28. Kd2 Ng5 29. Rb1 Nxh3 30. Rxh3 a5 31. f4 exf3 32. Bxf3 axb4 33. axb4 Ra8 34. Rb2 f5 35. gxf5 Bxf5 36. Rh2 h3 37. b5 Rb8 38. b6 Nh4 39. Ke2 Nxf3 40. Kxf3 Be4+ 41. Kg3 Bg2 42. Ra2 Kf7 43. Ra7+ Kf6 44. Rc7 Ra8 45. Rxg2 hxg2 46. Kxg2 g5 47. Rxc6+ Kf5 48. b7 Rb8 49. Rb6 1-0

[Event "Bayern-ch Seniors 25th"]
[Site "Bergen"]
[Date "2013.06.18"]
[Round "5.8"]
[White "Klein, Klaus"]
[Black "Kochseder, Georg"]
[Result "1/2-1/2"]
[WhiteElo "1809"]
[BlackElo "1881"]
[PlyCount "46"]
[EventDate "2013.06.15"]
[EventType "swiss"]
[EventRounds "9"]
[EventCountry "GER"]
[SourceTitle "EXT 2022"]
[Source "ChessBase"]
[SourceDate "2021.10.06"]
[SourceVersion "1"]
[SourceVersionDate "2021.10.06"]
[SourceQuality "1"]

1. e4 c5 2. Nf3 d6 3. d4 cxd4 4. Qxd4 Nc6 5. Bb5 Bd7 6. Bxc6 bxc6 7. c4 Qb6 8. Be3 Qxd4 9. Bxd4 e5 10. Be3 c5 11. Nc3 Bc6 12. Nd2 Nf6 13. 0-0 Be7 14. Bg5 h6 15. Bxf6 Bxf6 16. Rfd1 Rb8 17. b3 Be7 18. Nf1 0-0 19. Ne3 Rfd8 20. Rd2 g6 21. Rad1 Kg7 22. Ned5 Bf8 23. Nc7 Rb7 1/2-1/2

[Event "Bayern-ch Seniors 25th"]
[Site "Bergen"]
[Date "2013.06.15"]
[Round "1.24"]
[White "Klein, Klaus"]
[Black "Huetter, Heinz"]
[Result "1-0"]
[WhiteElo "1809"]
[BlackElo "1535"]
[PlyCount "63"]
[EventDate "2013.06.15"]
[EventType "swiss"]
[EventRounds "9"]
[EventCountry "GER"]
[SourceTitle "EXT 2022"]
[Source "ChessBase"]
[SourceDate "2021.10.06"]
[SourceVersion "1"]
[SourceVersionDate "2021.10.06"]
[SourceQuality "1"]

1. e4 c5 2. Nf3 a6 3. c4 Nc6 4. d4 cxd4 5. Nxd4 Qb6 6. Nxc6 Qxc6 7. Nc3 e6 8. Be3 Bb4 9. Qd4 Bxc3+ 10. Qxc3 f6 11. f3 Ne7 12. Qb4 Kf7 13. Be2 Re8 14. 0-0 Ng6 15. c5 Nf8 16. Rad1 g6 17. Bh6 Qc7 18. Rd6 a5 19. Qc3 Qd8 20. Rfd1 a4 21. Bb5 Qa5 22. Qc4 a3 23. b4 Qa7 24. Bxf8 Kxf8 25. Bxd7 Bxd7 26. Rxd7 Qa4 27. Qd4 e5 28. Qd6+ Kg8 29. Qxf6 Qxd1+ 30. Rxd1 Ra6 31. Rd6 Rxd6 32. cxd6 1-0